| 000 | 00531cam a2200145 4500500 | ||
|---|---|---|---|
| 005 | 20250921003728.0 | ||
| 041 | _afre | ||
| 042 | _adc | ||
| 100 | 1 | 0 |
_aProtais, Baptiste _eauthor |
| 245 | 0 | 0 | _aRenaud Barbaras, Le propre du corps, Presses universitaires de France, “Chaire Étienne-Gilson”, 2025, 152 pages, €22. |
| 260 | _c2025. | ||
| 500 | _a90 | ||
| 786 | 0 | _nÉtudes | Jui | 6 | 2025-05-21 | p. 131-132 | 0014-1941 | |
| 856 | 4 | 1 | _uhttps://shs.cairn.info/journal-etudes-2025-6-page-131?lang=en&redirect-ssocas=7080 |
| 999 |
_c1506858 _d1506858 |
||